000 01057nac a22003970a 4500
001 PT32403
003 AR-LpoUNG
005 20210201005305.0
008 201001s2008||||ag |||||||||||||||||spa d
020 _a9789500729185
_c$9
040 _aAR-LpoUNG
_bspa
_eaacr
041 _aspa
044 _aag
082 0 _a982.063 479v2
100 1 _aVerbitsky, Horacio
245 1 3 _aLa violencia evangélica :
_bde Lonardi al Cordobazo : 1955-1969
250 _a1ra ed.
260 _aBuenos Aires :
_bSudamericana,
_c2008.
300 _a435 p. :
_bgráfs.
_a(2
_fVolúmenes)
_3Impreso
490 0 _aHistoria política de la iglesia católica
650 4 _aARGENTINA
650 4 _aCATOLICISMO
650 4 _aDICTADURA
650 4 _aFUERZAS ARMADAS
650 4 _aGOBIERNO MILITAR
650 4 _aGOLPES DE ESTADO
650 4 _aHISTORIA POLITICA
650 4 _aIGLESIA CATOLICA
650 4 _aREVOLUCION
650 4 _aSINDICALISMO
650 4 _aTRABAJADORES
651 4 _aArgentina
653 _aPERONISMO
905 _a32403
942 _cLIB
999 _c49003
_d49003